Bizalom, munka, színvonal

Elmentve itt :
Bibliográfiai részletek
Szerző: Lődi Ferenc
Dokumentumtípus: Cikk
Megjelent: 1980-01-06
Sorozat:Délmagyarország 70 No. 4
Kulcsszavak:Ocskó Imre, fogyasztási és értékesítési szövetkezetek
Online Access:http://dmarchiv.bibl.u-szeged.hu/98053
LEADER 00487nab a2200157 i 4500
001 delm98053
005 20190607131115.0
008 190607s1980 hu o 0|| hun d
040 |a SZTE Délmagyarország Archívum  |b hun 
041 |a hun 
100 1 |a Lődi Ferenc 
245 1 0 |a Bizalom, munka, színvonal  |h [elektronikus dokumentum] /  |c  Lődi Ferenc 
260 |c 1980-01-06 
300 |a 3 
490 0 |a Délmagyarország  |v 70 No. 4 
695 |a Ocskó Imre, fogyasztási és értékesítési szövetkezetek